| 000 | 00952nam a2200229 a 4500 | ||
|---|---|---|---|
| 001 | 000129696 | ||
| 003 | AM-YEHGA | ||
| 005 | 20250617122718.0 | ||
| 008 | 981102s1976 ru ab||gr|||||||||0|rus|d | ||
| 040 | _aAM-YeHGA | ||
| 041 | 0 | _arus | |
| 245 | 0 | 0 |
_aНекомпенсированные прогибы платформ и их нефтегазоносность : _b[Сборник статей] / _cРед. В.И. Троепольский, С.С. Эллерн. |
| 260 |
_aКазань : _bИзд-во Казан. ун-та, _c1976. |
||
| 300 |
_a166 с. : _bил., карт. |
||
| 650 | 1 | 4 | _aГеология |
| 650 | 1 | 4 |
_aНефтеносные районы _xТектоника |
| 650 | 1 | 4 |
_aГазоносные районы _xТектоника |
| 700 | 1 |
_aТроепольский, Виктор Иванович _eред. _4edt |
|
| 700 | 1 |
_aЭллерн, Семен Самуилович _eред. _4edt |
|
| 942 |
_2udc _cBK |
||
| 090 | _c43930 | ||
| 999 |
_c43224 _d43224 |
||